Sports Quiz

Random Sports or Tennis Quiz

100 Greatest Tennis Players Quiz Stats

Quiz Updated Oct 6, 2016

Challenge
Share
Tweet
Embed
Score 0/100 Timer 12:00
26 Plays Today
# Name % Correct
1Roger Federer
96.6%
6Rafael Nadal
92.3%
5Pete Sampras
87.2%
12Andre Agassi
83.3%
7Björn Borg
82.9%
14Serena Williams
82.8%
22Venus Williams
82.7%
13John McEnroe
80.1%
3Steffi Graf
76.6%
40Novak Djokovic
74.9%
21Boris Becker
74.9%
4Martina Navratilova
73.8%
15Jimmy Connors
71.1%
2Rod Laver
70.3%
18Ivan Lendl
69.3%
94Andy Roddick
62.6%
63Lleyton Hewitt
61.9%
8Margaret Court
59.5%
9Chris Evert
59.2%
19Monica Seles
58.9%
10Billie Jean King
58.1%
30Martina Hingis
57.8%
28Arthur Ashe
57.6%
71Maria Sharapova
57.4%
25Stefan Edberg
55.4%
26Justine Henin
50.3%
100Michael Chang
49.5%
42Jim Courier
48.3%
43Lindsay Davenport
46.7%
33Mats Wilander
45.8%
45Kim Clijsters
44.2%
56Stan Smith
42.6%
70Patrick Rafter
42.5%
80Marat Safin
41.9%
# Name % Correct
23Fred Perry
41%
55Gustavo Kuerten
39.9%
49Ilie Năstase
39.6%
57Jennifer Capriati
38.4%
44Arantxa Sanchez-Vicario
37.7%
85Yannick Noah
37.2%
97Pat Cash
36.8%
31John Newcombe
36.3%
37Evonne Goolagong
35%
88Amelie Mauresmo
30.3%
41Guillermo Vilas
30.2%
60Virginia Wade
29.9%
53Tracy Austin
29.5%
98Bunny Austin
29.3%
82Yevgeny Kafelnikov
28.2%
79Gabriela Sabatini
27.5%
87Mary Pierce
26.8%
17Roy Emerson
26.7%
99Ann Haydon-Jones
26.5%
20Ken Rosewall
26.4%
36René Lacoste
24%
95Thomas Muster
23.3%
16Bill Tilden
22.3%
11Don Budge
22%
35Pancho Gonzales
20.2%
24Suzanne Lenglen
19.2%
62Hana Mandlíková
19.1%
38Maria Bueno
16.7%
92Svetlana Kuznetsova
16.6%
74Tony Roche
14.6%
27Maureen Connolly
14.5%
39Althea Gibson
14.4%
96Manuel Orantes
14.4%
83Jan Kodeš
14.1%
# Name % Correct
66Bobby Riggs
14%
54Manuel Santana
13.4%
29Helen Wills Moody
12.3%
32Lew Hoad
11.9%
46Henri Cochet
11.6%
67Fred Stolle
11.1%
34Jack Kramer
11%
47Jean Borotra
10.7%
76William Renshaw
10.7%
61Neale Fraser
9.7%
50Tony Trabert
9.4%
51Doris Hart
8.9%
65Pancho Segura
8.9%
72Gottfried von Cramm
8.5%
52Jack Crawford
8.1%
78Ashley Cooper
7.8%
93Nicola Pietrangeli
7.7%
73Jaroslav Drobny
7.5%
77Molla Mallory
7.2%
48Frank Sedgman
7.1%
86Tony Wilding
7.1%
59Margaret Osborne Dupont
6.6%
90Bill Johnston
6.6%
64Ellsworth Vines
6.5%
91Shirley Fry Irvin
6.4%
58Alice Marble
6.4%
81Vic Seixas
6.2%
69Louise Brough Clapp
6.1%
89Dorothea Lambert Chambers
6.1%
68Helen Hull Jacobs
6%
84Norman Brookes
5.9%
75Pauline Betz Addie
5%

You're not logged in!

Compare scores with friends on all Sporcle quizzes.
Sign Up with Email
OR
Log In

You Might Also Like...

Show Comments

Extras

Top Quizzes Today


Score Distribution

Your Account Isn't Verified!

In order to create a playlist on Sporcle, you need to verify the email address you used during registration. Go to your Sporcle Settings to finish the process.